| 000 | 00663nam a2200229 a 4500 | ||
|---|---|---|---|
| 005 | 20210219152854.0 | ||
| 008 | 991125n 000 0 u | ||
| 035 | _aUPN01000064526 | ||
| 100 | _aHimilton, Richard | ||
| 222 | _aCONTEMPORARY EDUCATIONAL PSYCHOLOGY | ||
| 245 | _aApplication adjunct post-questions and conceptual problem solving | ||
| 300 | _a89-97 | ||
| 362 | _a17, No. 1, 1992 | ||
| 505 | _aJunio 1992 | ||
| 653 | 0 | _aCLASIFICACION | |
| 653 | 0 | _aESTUDIANTES NO GRADUADOS | |
| 653 | 0 | _aRESOLUCION DE PROBLEMAS | |
| 653 | 0 | _aRETROALIMENTACION | |
| 653 | 0 | _aTECNICAS PARA ELABORAR PREGUNTAS | |
| 904 |
_aAC _b002337 |
||
| 905 | _aArticulo | ||
| 999 |
_c62585 _d62585 |
||